000 01025nam a2200217 i 4500
001 165002
003 ES-MaACL
005 20250901032931.0
008 050809s1831 fr | |||||||| ||fre d
040 _aCAM
_bspa
_cCAM
100 1 _aScot, William.
_9132599
245 1 0 _aTraité complet du cholera-morbus de l'Inde ou Rapport sur le cholera épidémique, tel qu'il s'est montré dans les territoires soumis à la présidence du Fort Saint-Georges ... /
_cpar William Scot ; traduit de l'anglais par F.-P. Blin.
260 _aNantes :
_b[s.n.],
_c1831 (
_fImp. de C. Merson)
300 _a252 p., [1] h. de lám. pleg. ;
_c22 cm.
599 _aLa h. de lám.: "Diagrame destiné a l'explication des rapports de l'influence lunaire sur le cholera", "Lithographie de Charpentier à Nantes"
650 7 _aCólera
_2embne
_911143
700 1 _aBlin, F.P.
_9126020
852 _aES-MaACL
_jT-486-F-1
_z-- Enc. hol., falto de la cub. original
_z-- Enc. en un vol. facticio
999 _c165002
_d165002